Missing Word: Rock #1s of the 80s Quiz Stats

 Plays Quiz Updated Jan 27, 2018

Challenge
Share
Tweet
Embed
Score 0/20 Timer 03:00
0 Plays Today
Song Missing Word % Correct
I ____ Rock and RollLove
99.1%
Eye of the ____Tiger
98.3%
With or ____ YouWithout
97.2%
I Want to ____ What Love IsKnow
96.2%
Every ____ Thing She Does Is MagicLittle
95.8%
Livin' on a ____Prayer
93.7%
We ____ This CityBuilt
90.1%
Take Me ____ TonightHome
88.4%
____ Like the WolfHungry
88%
Don't You (____ About Me)Forget
87.6%
Song Missing Word % Correct
Owner of a ____ HeartLonely
86.3%
Dancing in the ____Dark
85.7%
The Boys of ____Summer
83.9%
Hip to Be ____Square
78.4%
____ IrresistibleSimply
78.2%
____ of the MomentHeat
75.6%
867-____/Jenny5309
69.1%
Love in an ____Elevator
68.1%
____ CrushOrange
55.9%
Runnin' ____ a DreamDown
52%

Today's Daily Dose

You're not logged in!

Compare scores with friends on all Sporcle quizzes.
Join for Free
OR
Log In

You Might Also Like...

Show Comments

Extras

Top Quizzes Today


Score Distribution

Your Account Isn't Verified!

In order to create a playlist on Sporcle, you need to verify the email address you used during registration. Go to your Sporcle Settings to finish the process.

Report this User

Report this user for behavior that violates our Community Guidelines.

Details: